00000000nam 2200000zi 4500
0019.940685
003CaOODSP
00520250620084938
006m     o  d f      
007cr cn|||||||||
008240717t20242024bccd    ob   f000 0 eng d
020 |a9780660728254
040 |aCaOODSP|beng|erda|cCaOODSP
041 |aeng|bfre
043 |an-cn-bc
0861 |aFs97-17/62E-PDF
1001 |aWalters, Carl J.,|d1944- |eauthor.
24512|aA life cycle model for Chinook salmon population dynamics / |cCarl Walters & Josh Korman.
264 1|aNanaimo, BC : |bFisheries and Oceans Canada, Pacific Region, South Coast Area, |c2024.
264 4|c©2024
300 |a1 online resource (vi, 60 pages) : |bgraphs.
336 |atext|btxt|2rdacontent
337 |acomputer|bc|2rdamedia
338 |aonline resource|bcr|2rdacarrier
4901 |aCanadian contractor report of hydrography and ocean sciences, |x1488-5425 ; |v62
500 |aThe publication file in PDF format was replaced on 6 June 2025 and 20 June 2025 with revised versions as requested by the Department of Fisheries and Oceans.
504 |aIncludes bibliographical references (pages 15-16).
520 |a"This report describes an age-stage structured life history model that can be fit to escapement and Coded Wire Tag (CWT) data for Chinook salmon stocks. The model follows the general statistical catch-at-age approach first applied to Chinook salmon by Cunningham et al. (2018)"--Introduction, page 1.
546 |aIncludes abstract in French.
650 0|aChinook salmon|xLife cycles|zBritish Columbia|zPacific Coast.
650 0|aChinook salmon|xMonitoring|zBritish Columbia|zPacific Coast.
650 6|aSaumon quinnat|xCycles biologiques|zColombie-Britannique|zPacifique, Côte du.
650 6|aSaumon quinnat|xSurveillance|zColombie-Britannique|zPacifique, Côte du.
7101 |aCanada. |bDepartment of Fisheries and Oceans. |bPacific Region, |eissuing body.
830#0|aCanadian contractor report of hydrography and ocean sciences,|x1488-5425 ; |v62.|w(CaOODSP)9.506655
85640|qPDF|s1.29 MB|uhttps://publications.gc.ca/collections/collection_2024/mpo-dfo/Fs97-17-62-eng.pdf